000 00715nam a2200265Ia 4500
003 OSt
005 20221005083509.0
006 a|||||r|||| 00| 0
007 ta
008 221004b |||||||| |||| 00| 0 eng d
020 _a0706976185
024 _a108682
037 _cTextual
040 _aCRL
_cCRL
_beng
041 _2eng
_aeng
082 _aY15-5:6.2, N4
100 _aDevendra Kiran
_9473922
245 0 _aChanging status of women in India Kiran Devendra
250 _a3rd revised
260 _aNew Delhi
_bVikas Publishing House India
_c1994
300 _ax,234p.
_ccm.
650 _aSOCIOLOGY
942 _hY15-5:6.2, N4
_cTEXL
_2cc
999 _c991098
_d991098